Statistics for Fifty States in Order - One Minute Sprint

Click here to take the quiz!

General Stats

  • This quiz has been taken 638 times
  • The average score is 18 of 50

Answer Stats

State% Correct
Alabama
99%
Alaska
96%
Arizona
88%
Arkansas
88%
California
79%
Colorado
75%
Delaware
73%
Connecticut
70%
Florida
66%
Georgia
66%
Hawaii
62%
Idaho
57%
Illinois
56%
Indiana
55%
Iowa
54%
Kansas
50%
Kentucky
50%
Louisiana
46%
Maine
43%
Maryland
39%
Massachusetts
36%
Michigan
33%
Minnesota
30%
Mississippi
27%
Missouri
25%
Montana
24%
Nebraska
21%
Nevada
20%
New Hampshire
18%
New Jersey
17%
New Mexico
17%
New York
17%
North Carolina
15%
North Dakota
15%
Ohio
14%
Oklahoma
13%
Oregon
13%
Wyoming
13%
Pennsylvania
12%
Rhode Island
12%
South Carolina
11%
Virginia
11%
South Dakota
10%
West Virginia
10%
Wisconsin
10%
Tennessee
9%
Texas
9%
Utah
9%
Washington
9%
Vermont
8%

Score Distribution

Percentile by Number Answered

Percent of People with Each Score

Your Score History

You have not taken this quiz